| 000 | 00499nam a22001337a 4500 | ||
|---|---|---|---|
| 999 |
_c514472 _d514472 |
||
| 008 | 201106b ||||| |||| 00| 0 eng d | ||
| 100 |
_aBansal, Sharad. _920894 |
||
| 245 | _aTaj Mahal hotel vs united India insurance co. ltd: Re-alleging the focus on consumer protection | ||
| 260 | _aInternational Journal on Consumer Law and practice | ||
| 300 | _a8, 2020: p.118-125 | ||
| 773 | _aInternational Journal on Consumer Law and practice | ||
| 906 | _aCONSUMER PROTECTION - INDIA | ||
| 942 | _cAR | ||